[Event "IECC TH-T email"]
[White "Cuadra, Pedro"]
[Black "Viswanathan, Kartik"]
[Site "IECC email"]
[Round "?"]
[Result "1/2-1/2"]
[Date "2001.06.26"]
[WhiteElo "1970"]
[BlackElo "1966"]
[PlyCount "20"]
[EventDate "2001.??.??"]
[EventType "match (corr)"]
[EventRounds "2"]
[SourceTitle "Corr 2008"]
[Source "ChessBase"]
[SourceDate "2008.06.24"]
[SourceVersion "1"]
[SourceVersionDate "2008.06.24"]
[SourceQuality "1"]

1. e4 e5 2. Nf3 Nc6 3. Bc4 Bc5 4. b4 Bxb4 5. c3 Ba5 6. d4 exd4 7. 0-0 Nge7 8. Ng5 d5 9. exd5 Ne5 10. Bb3 dxc3 1/2-1/2

[Event "IECC TH-T email"]
[White "Viswanathan, Kartik"]
[Black "Cuadra, Pedro"]
[Site "IECC email"]
[Round "?"]
[Result "1/2-1/2"]
[Date "2001.06.26"]
[WhiteElo "1966"]
[BlackElo "1970"]
[PlyCount "20"]
[EventDate "2001.??.??"]
[EventType "match (corr)"]
[EventRounds "2"]
[SourceTitle "Corr 2008"]
[Source "ChessBase"]
[SourceDate "2008.06.24"]
[SourceVersion "1"]
[SourceVersionDate "2008.06.24"]
[SourceQuality "1"]

1. e4 e5 2. Nf3 Nf6 3. Nxe5 d6 4. Nxf7 Kxf7 5. d4 Bg4 6. f3 Bh5 7. Bc4+ d5 8. exd5 Nxd5 9. Qd3 Kg8 10. Qb3 Bf7 1/2-1/2

[Event "IECC TH-T email"]
[White "Corbat, Philippe"]
[Black "Cuadra, Pedro"]
[Site "IECC email"]
[Round "?"]
[Result "1-0"]
[Date "2001.06.21"]
[WhiteElo "2030"]
[BlackElo "1985"]
[PlyCount "44"]
[EventDate "2001.??.??"]
[EventType "match (corr)"]
[EventRounds "2"]
[SourceTitle "Corr 2008"]
[Source "ChessBase"]
[SourceDate "2008.06.24"]
[SourceVersion "1"]
[SourceVersionDate "2008.06.24"]
[SourceQuality "1"]

1. e4 d5 2. exd5 Nf6 3. d4 Bg4 4. f3 Bf5 5. Bb5+ c6 6. dxc6 Qa5+ 7. Nc3 Nxc6 8. Bd2 0-0-0 9. a4 Nb4 10. Na2 e6 11. Ne2 a6 12. Nxb4 Bxb4 13. Bc4 h5 14. Bb3 Bxd2+ 15. Qxd2 Qxd2+ 16. Kxd2 b6 17. a5 b5 18. c4 bxc4 19. Rac1 Bd3 20. Bxc4 Bxc4 21. Rxc4+ Kd7 22. Rhc1 Rc8 1-0

[Event "IECC TH-T email"]
[White "Cuadra, Pedro"]
[Black "Corbat, Philippe"]
[Site "IECC email"]
[Round "?"]
[Result "0-1"]
[Date "2001.06.21"]
[WhiteElo "2001"]
[BlackElo "2014"]
[PlyCount "41"]
[EventDate "2001.??.??"]
[EventType "match (corr)"]
[EventRounds "2"]
[SourceTitle "Corr 2008"]
[Source "ChessBase"]
[SourceDate "2008.06.24"]
[SourceVersion "1"]
[SourceVersionDate "2008.06.24"]
[SourceQuality "1"]

1. e4 d5 2. exd5 Nf6 3. d4 Bg4 4. Be2 Bxe2 5. Qxe2 Qxd5 6. Nf3 e6 7. 0-0 Bd6 8. c4 Qh5 9. Nc3 Nc6 10. Rd1 0-0 11. h3 Rfe8 12. Bg5 Qg6 13. c5 Be7 14. Bf4 Nd5 15. Nxd5 exd5 16. Qb5 Rec8 17. Bh2 Rab8 18. Rd2 Bf6 19. Re1 a6 20. Qb3 Qf5 21. Rde2 0-1

[Event "IECC TH-T email"]
[White "Cuadra, Pedro"]
[Black "Hartmann, Per"]
[Site "IECC email"]
[Round "?"]
[Result "0-1"]
[Date "2001.06.21"]
[WhiteElo "1941"]
[BlackElo "1718"]
[PlyCount "60"]
[EventDate "2001.??.??"]
[EventType "match (corr)"]
[EventRounds "2"]
[SourceTitle "Corr 2008"]
[Source "ChessBase"]
[SourceDate "2008.06.24"]
[SourceVersion "1"]
[SourceVersionDate "2008.06.24"]
[SourceQuality "1"]

1. e4 e5 2. f4 exf4 3. Nf3 g5 4. Bc4 g4 5. 0-0 gxf3 6. Qxf3 Qf6 7. b3 Qxa1 8. Nc3 Bc5+ 9. Kh1 Ne7 10. Qh5 d5 11. Ba3 Qxf1+ 12. Bxf1 Bxa3 13. Nb5 Bd6 14. e5 Bg4 15. Qg5 Rg8 16. Qxf4 Bxe5 17. Qxe5 Na6 18. Bd3 Kd7 19. Bxh7 Rh8 20. Bd3 Rh5 21. Qf6 Rah8 22. h3 Be6 23. Nxa7 Nc5 24. Nb5 Nxd3 25. cxd3 Nf5 26. Qc3 c6 27. Nd4 Nxd4 28. Qxd4 Rg8 29. Kh2 Rhg5 30. g4 f5 0-1